000 00480nam a2200181Ia 4500
001 22346
003 GE_BSU
008 181216s||||||||xx |||||||||||||| ||und||
040 _cGE_BSU
245 _aParis Match, du 29 mars au 4 avril. №3594. 2018
260 _aParis
260 _c2018
300 _a112p. ill. 30cm.
653 _aParis Match, du 29 mars au 4 avril. №3594. 2018
653 _aПериодика
653 _aპერიოდიკა
942 _cCR
999 _c55270
_d55270